7 cuentos crudos : (Registro nro. 166811)

Detalles MARC
000 -CABECERA
campo de control de longitud fija 00628nam a2200205 a 4500
005 - FECHA Y HORA DE LA ÚLTIMA TRANSACCIÓN
campo de control 20230610063838.0
008 - ELEMENTOS DE LONGITUD FIJA--INFORMACIÓN GENERAL
campo de control de longitud fija 131210s2007 mx r 000 0 spa d
020 ## - NÚMERO INTERNACIONAL NORMALIZADO PARA LIBROS
Número Internacional Estándar del Libro 9788467521504
035 ## - NÚMERO DE CONTROL DEL SISTEMA
Número de control de sistema UPN01000194710
049 ## - COLECCIÓN
Colección CG
050 #4 - SIGNATURA TOPOGRÁFICA DE LA BIBLIOTECA DEL CONGRESO
Número de clasificación PQ6657 O4.49
Número de documento/Ítem S5.3
100 1# - ASIENTO PRINCIPAL--NOMBRE PERSONAL
Nombre de persona Gómez, Ricardo,
Fechas asociadas al nombre 1954-
9 (RLIN) 34592
245 10 - MENCIÓN DE TÍTULO
Título 7 cuentos crudos :
Resto del título aunque este no sea un buen sitio para nacer /
Mención de responsabilidad, etc. Ricardo Gómez ; il. Juan Ramón Alonso.
260 ## - PUBLICACIÓN, DISTRIBUCIÓN, ETC.
Lugar de publicación, distribución, etc. Madrid :
Nombre del editor, distribuidor, etc. SM,
Fecha de publicación, distribución, etc. c2007.
300 ## - DESCRIPCIÓN FÍSICA
Extensión 138 p. :
Otras características físicas il. col.
650 #0 - ASIENTO SECUNDARIO DE MATERIA - TERMINO TEMATICO
Término de materia o nombre geográfico como elemento de entrada Literatura juvenil española
9 (RLIN) 12359
650 #4 - ASIENTO SECUNDARIO DE MATERIA - TERMINO TEMATICO
Término de materia o nombre geográfico como elemento de entrada Cuentos
9 (RLIN) 3090
905 ## - TIPO DE MATERIAL
Tipo de material Libro
Existencias
Estado de retiro Estado de pérdida Fuente del sistema de clasificación o colocación Estado dañado No para préstamo Código de colección Localización permanente Ubicación/localización actual Ubicación en estantería Total de préstamos Clasificación Código de barras Fecha visto por última vez Número de copia Tipo de ítem Koha
    Library of Congress Classification     Colección General Bib. Gregorio Torres Quintero Bib. Gregorio Torres Quintero Planta baja 1 PQ6657 O4.49 S5.3 294152 31/12/2020 1 Libro